ბათუმის შოთა რუსთაველის სახელმწიფო უნივერსიტეტის ბიბლიოთეკა

Проблемы мутагенеза (ბიბ.ჩანაწერი № 34995)

000 -LEADER
fixed length control field 00558nam a2200229Ia 4500
001 - CONTROL NUMBER
control field 832
003 - CONTROL NUMBER IDENTIFIER
control field GE_BSU
008 - FIXED-LENGTH DATA ELEMENTS--GENERAL INFORMATION
fixed length control field 181216s||||||||xx |||||||||||||| ||und||
040 ## - CATALOGING SOURCE
Transcribing agency GE_BSU
080 ## - UNIVERSAL DECIMAL CLASSIFICATION NUMBER
Universal Decimal Classification number 575
100 ## - MAIN ENTRY--PERSONAL NAME
Personal name Ауэрбах,Ш
245 ## - TITLE STATEMENT
Title Проблемы мутагенеза
245 ## - TITLE STATEMENT
Remainder of title Пер. с англ.
245 ## - TITLE STATEMENT
Statement of responsibility, etc. Под ред. Н.И. Шапиро
260 ## - PUBLICATION, DISTRIBUTION, ETC.
Place of publication, distribution, etc. Москва
260 ## - PUBLICATION, DISTRIBUTION, ETC.
Name of publisher, distributor, etc. Мир
260 ## - PUBLICATION, DISTRIBUTION, ETC.
Date of publication, distribution, etc. 1978
300 ## - PHYSICAL DESCRIPTION
Extent 463стр.
653 ## - INDEX TERM--UNCONTROLLED
Uncontrolled term Проблемы мутагенеза
942 ## - ADDED ENTRY ELEMENTS (KOHA)
Koha item type წიგნი
ეგზემპლარები
Withdrawn status Lost status Damaged status Not for loan Date acquired Barcode Date last seen Price effective from Koha item type
        2018-12-17 1979 2018-12-17 2018-12-17 წიგნი